[Event "Julian Mazur Memorial"]
[Site "Wellington Chess Club"]
[Date "2019.08.15"]
[Round "3.7"]
[White "Brockway, Andrew"]
[Black "Sellen, Ian"]
[Result "1-0"]
[WhiteElo "1836"]
[BlackElo "2024"]

1. e4 c5 2. Nc3 d6 3. Bb5+ Bd7 4. Bxd7+ Qxd7 5. f4 g6 6. Nf3 Nc6 7. O-O Bg7 8.
d3 Nf6 9. a3 O-O 10. Qe1 e6 11. Qh4 Rac8 12. f5 exf5 13. Bh6 Bxh6 14. Qxh6 Ng4
15. Qh3 Kg7 16. Ng5 h6 17. exf5 Nce5 18. fxg6 fxg6 19. Rxf8 Rxf8 20. Nge4 b6
21. Nd5 Qf7 22. Ne3 Nf2 23. Qg3 Nxe4 24. dxe4 Qe6 25. Rf1 Re8 26. Rd1 Kh7 27.
Qf2 Re7 28. Qd2 Nf7 29. Nd5 Rb7 30. Rf1 Ng5 31. Qd3 Rf7 32. Rxf7+ Nxf7 33. Qf3
Ng5 34. Qf4 Nxe4 $4 35. Qxe4 $1 1-0

[Event "Julian Mazur Memorial"]
[Site "Wellington Chess Club"]
[Date "2019.08.15"]
[Round "3.8"]
[White "Stoeveken, Peter"]
[Black "Forster, Bill"]
[Result "0-1"]
[WhiteElo "1827"]
[BlackElo "2017"]

1. d4 c5 ( {After a long period of trying to play proper chess with} 1... d5 {I
have reverted to playing 1...c5 and 1...d6 quite often. For every Botvinnik
Semi-Slav or other fun line I get with 1...d5, I seem to get about 40 tedious
symmetrical Londons or god knows what sterile borefest. 1...c5 in particular
almost always leads to some kind of fun, and I don't know about you but I play
chess for fun.} ) 2. Nf3 $6 {There aren't many openings where White can play
the most sensible looking two first moves on the board and already arguably be
worse. Certainly the statistics favour Black from here. }  (2. d5 {is the
principled move} )  (2. dxc5 {is okay, but only if you know what you're doing
(else Black gets easy play)} )  (2. c4 {is okay I guess} )  (2. e4 {Transposes
to the Smith Morra Sicilian} ) 2... cxd4 3. Nxd4 e5 {Not the normal move here,
but in similar circumstances after 1.e4 c5 2.Nf3 a6 3.d4 cxd4 4.Nxf3 I like to
play 4...e5 right away (even though it's a sideline) and this seemed to have
some similar points} 4. Nf3 Nf6 5. Nc3 ( {Hoping for} 5. Nxe5 $4 Qa5+ {Okay,
I'm a terrible person. Curiously, in internet Blitz people fall into the
analagous trap in the Sicilian sideline I was just talking about ALL THE TIME.
But sadly I have a terrible score after that, because they then get totally
unfair compensation in general and an easy attack in particular. If I had any
sense I'd just offer a draw right away if they're higher rated and take the
Elos on offer } ) 5... d5 $6 {I was acutely aware that White has hardly
violated the principles of chess at all, and the logic of the game therefore
dictates it must be impossible to bully him off the ball like this as Black on
move 5. But I just couldn't see why I couldn't so I did. } 6. Bg5 $2 {Letting
me have my way with him, but actually the game of chess is fairer than this
because}  (6. Nxe5 $1 d4 {(my idea - want him to move this knight so I can play
the Qa5+fork and win the e5 knight)} 7. e4 $1 {and I can't take the knight in
view of} 7... dxc3 8. Qxd8+ Kxd8 9. Nxf7+) 6... d4 {Black is now much better,
White's minor pieces seem to be developed, but they have no footholds} 7. Bxf6
gxf6 8. Ne4 f5 9. Ng3 Bb4+ {Sadly this throws away Black's huge advantage. As
so often, I missed a detail in the follow up play. I should have just followed
up in the obvious way and it would have led to one of the most bizarre crushing
positions ever }  (9... f4 10. Ne4 f5 11. Ned2 e4 {Yeah baby yeah} 12. Ng1 e3
{And at this point (if not before) White should just let a Knight go, else he
will succumb to something truly ghastly like} 13. Ndf3 Qa5+ 14. c3 dxc3 15. b4
Bxb4 16. Qc2 Bd7 17. fxe3 Ba4 18. Qd3 c2+ 19. Nd2 Nc6 {Holy smoke, are we
having fun yet?} ) 10. c3 dxc3 11. Qxd8+ Kxd8 {And the scene is set for one of
my embarrassments. I thought White was totally lost here. When I was thinking
about this position ahead of time there was still a Queen on d1, and I suppose
that's why the following move never even occurred to me} 12. O-O-O+ {Whoaa! is
that legal? was my initial reaction. A crushing disappointment. Fortunately
Black's position was so good I am still better.} 12... Ke7 13. Nxe5 Be6 14. e4
Rc8 $2 {Based on (another) miscalculation} 15. Nd3 $2 {But Peter believes me
(again)}  (15. Nxf5+ Bxf5 16. exf5 cxb2+ 17. Kb1 ( {not} 17. Kxb2 Bc3+) 17...
Ba3 {Was the idea and but I don't have winning threats on c1 as I hoped, eg}
18. Nc4 $1 {spoils everything} ) 15... c2 $1 {Winning material. After all the
madness earlier, the game settles into normality now. There are no further big
errors, and Black converts the extra exchange fairly easily. Losing an exchange
for a pawn isn't so bad sometimes, but with so many open files, Black's rooks
are going to be very strong} 16. Nxb4 cxd1=Q+ 17. Kxd1 fxe4 18. Nxe4 Nc6 19.
Nc2 Bxa2 20. Nc3 Bb3 21. Kc1 Rg8 22. g3 Rac8 23. Bh3 Be6 24. Re1 Rge8 25. Bg2
Kf8 26. Be4 Kg7 27. f4 Bb3 28. Ne3 Nb4 {I was running low on time, and a bit
concerned that I was relying on my always shaky calculation skills, but for
once they seem to check out} 29. Kb1 ( {If Peter tried for the fork with } 29.
Nf5+ Kf8 30. Nd6 {I counter fork} 30... Nd3+ (30... Na2+ $3 {is a beautiful
computer improvement} 31. Kb1 Nxc3+ 32. bxc3 Rcd8 33. Nxe8 Rxe8 {and it turns
out the material equality is an illusion because White can't extract the pinned
bishop and it falls off, eg} 34. Re2 Bc4 35. Re1 Rxe4) 31. Kd2 Nxe1 32. Nxc8
Rxc8 33. Kxe1 {with simplification} ) 29... Rc7 30. Nb5 Rd7 31. Nf5+ Kf8
{White's position is falling apart now, because I actually threaten ...Rxe4
and back rank mate and there's no way to avoid it without losing more material}
32. Nfd4 ( {eg } 32. Nbd6 {simply} 32... Red8) 32... Bd5 33. b3 Rxe4 34. Rd1
Bc6 35. Rc1 Rexd4 0-1

[Event "Julian Mazur Memorial"]
[Site "Wellington Chess Club"]
[Date "2019.08.15"]
[Round "3.9"]
[White "Darr, Samuel"]
[Black "Sole, Michael"]
[Result "0-1"]
[WhiteElo "1567"]
[BlackElo "2008"]

1. e4 e6 2. d4 d5 3. exd5 exd5 4. Nf3 Nf6 5. c4 Bb4+ 6. Nc3 O-O 7. Be2 dxc4 8.
Bxc4 Bg4 9. O-O Nbd7 10. h3 Bh5 11. Be2 Nb6 12. Bg5 Be7 13. Qd3 c6 14. Rad1
Nbd5 15. Bxf6 Bxf6 16. Ng5 Bg6 17. Nge4 Nf4 18. Qf3 Nxe2+ 19. Nxe2 Bxe4 20.
Qxe4 Re8 21. Qd3 Qb6 22. Rd2 Rad8 23. Rfd1 Rd5 24. Qf3 Qd8 25. Qb3 Re7 26. Qa4
Red7 27. Qxa7 Ra5 28. Qxa5 Qxa5 29. b3 g6 30. Rd3 Qxa2 31. Nc3 Qa7 32. Ne4 Bg7
33. d5 cxd5 34. Rxd5 Rxd5 35. Rxd5 Qb6 36. Nc5 Qc7 37. b4 b6 38. Nd7 h5 39. g3
Qc1+ 40. Kh2 Qb2 41. Kg2 Qxb4 42. Kh2 Qe1 43. Nxb6 Qxf2+ 0-1

[Event "Julian Mazur Memorial"]
[Site "Wellington Chess Club"]
[Date "2019.08.15"]
[Round "3.10"]
[White "Mullan, Brett"]
[Black "He, Caleb"]
[Result "0-1"]
[WhiteElo "1825"]
[BlackElo "1922"]

1. b3 Nf6 2. Bb2 g6 3. Nf3 Bg7 4. e3 O-O 5. d4 d5 6. Bd3 c5 7. dxc5 Qa5+ 8.
Nbd2 Qxc5 9. O-O Nc6 10. a3 Qd6 11. c4 Be6 12. Rc1 dxc4 13. Nxc4 Bxc4 14. Bxc4
Rfd8 15. b4 Ng4 16. Bxg7 Kxg7 17. Qb3 Nce5 18. Qb2 Qf6 19. Nxe5 Nxe5 20. Qb3
Nxc4 21. Qxc4 Qf5 22. e4 Qe5 23. Qc3 Qxc3 24. Rxc3 Rac8 25. Re3 Rc2 26. g3 Rdd2
27. Kg2 e5 28. Kf3 Kf6 29. h3 Ke6 30. g4 Kd6 31. Kg3 Kc6 32. Rf3 Rd7 33. a4 Rc4
34. Rf6+ Kc7 35. Rb1 Rxe4 36. Rb3 Kd8 37. Kf3 Rc4 38. Ke3 Ke7 39. Rf3 Rdd4 40.
a5 Rxb4 41. Rxb4 Rxb4 42. Kd2 b6 43. axb6 axb6 44. Rc3 Kd7 45. Ra3 Rd4+ 46. Ke3
Ke6 47. f4 Rxf4 48. Rb3 Rd4 49. Rxb6+ Rd6 50. Rb4 f5 51. gxf5+ gxf5 52. Rh4 Rd7
53. Rh6+ Kd5 54. Ra6 Rc7 55. Ra5+ Rc5 56. Ra3 h5 57. Rb3 f4+ 58. Kf3 Kd4 59.
Rb7 Rc3+ 60. Kg2 e4 0-1

[Event "Julian Mazur Memorial"]
[Site "Wellington Chess Club"]
[Date "2019.08.15"]
[Round "3.11"]
[White "Pomeroy, Arthur"]
[Black "Webster, Jamie"]
[Result "1-0"]
[WhiteElo "2074"]
[BlackElo "1701"]

1. e4 e5 2. Nf3 Nc6 3. Bb5 a6 4. Ba4 Nf6 5. O-O Be7 6. Re1 b5 7. Bb3 d6 8. c3
O-O 9. d4 Bg4 10. Be3 Nxe4 11. Bd5 Qd7 12. Bxe4 f5 13. Bd5+ Kh8 14. dxe5 Rad8
15. e6 Qe8 16. h3 Bh5 17. Bxc6 Qxc6 18. Nd4 Qe8 19. Qd2 c5 20. Ne2 Bxe2 21.
Rxe2 Qg6 22. Na3 Qxe6 23. Rae1 Qg6 24. Bf4 Bf6 25. Re6 Rfe8 26. Rxe8+ Rxe8 27.
Rxe8+ Qxe8 28. Bxd6 Qd7 29. Bf4 Qxd2 30. Bxd2 c4 31. Nc2 Be7 32. Kf1 Kg8 33.
Ke2 Kf7 34. Nb4 Bxb4 35. cxb4 Ke6 36. Ke3 Kd5 37. Kf4 Ke6 38. Bc3 g6 39. Kg5
Kf7 40. Kh6 Kg8 1-0

[Event "Julian Mazur Memorial"]
[Site "Wellington Chess Club"]
[Date "2019.08.15"]
[Round "3.12"]
[White "Stone, Andrew"]
[Black "Dixon, Hamish"]
[Result "1-0"]
[WhiteElo "2074"]
[BlackElo "1681"]

1. e4 c5 2. d4 cxd4 3. c3 dxc3 4. Nxc3 d6 5. Bc4 Nc6 6. Nf3 Bg4 $2 {
Unfortunately falling for a tactical shot} 7. Bxf7+ Kxf7 8. Ng5+ Ke8 9. Qxg4
Nf6 10. Qe6 Qd7 $2 {Losing a piece} 11. Qf7+ Kd8 12. Ne6+ Kc8 13. Nxf8 Qg4 14.
Qe6+ 1-0

[Event "Julian Mazur Memorial"]
[Site "Wellington Chess Club"]
[Date "2019.08.15"]
[Round "3.13"]
[White "Tanoi, Edward"]
[Black "Stracy, Don"]
[Result "1-0"]
[WhiteElo "2013"]
[BlackElo "1612"]

1. e4 c5 2. Nf3 e6 3. d4 cxd4 4. Nxd4 Nf6 5. Bd3 Nc6 6. Be3 d5 7. Nxc6 bxc6 8.
e5 Nd7 9. Bf4 Rb8 10. b3 Ba6 11. O-O Bxd3 12. Qxd3 g6 13. Nd2 Bg7 14. Nf3 O-O
15. Qe3 Qb6 16. Qd2 c5 17. Rfe1 Rfc8 18. Bh6 (18. c4 $1) 18... Qd8 19. Bxg7
Kxg7 20. Rad1 c4 21. Qf4 cxb3 22. cxb3 Qf8 23. h4 Rb4 24. Qg3 h5 25. Ng5 Rg4
26. Qh3 $6 (26. Qe3 Rxh4 27. Qxa7) 26... Rc2 27. Rd3 $4 {After patiently
developing a growing initiative,  Don is presented with his first real chance
to appropriayely punish his opponent  for spending less than 10 seconds per
move at this point. In my defence, it wasn't  that I didn't take the game
seriously but that I had somewhere I really needed to  get to afterwards..}
27... Nc5 $2 {A bad mistake by Don. Probably not helped by the few  minutes
remaining on his clock.}  (27... Qb4 $1 $19 28. Rdd1 Rxh4) 28. Rf3 Ne4 $4 {and
now there's no turning back.} 29. Rxf7+ Qxf7 30. Nxf7 Nxf2 31. Qf3 Ne4 32. Rxe4
dxe4 33. Qf6+ Kf8 34. Nh6+ Ke8 35. Qxe6+ Kd8 36. Nxg4 {and Don resigns but
unfortunately for me not soon enough to make my appointment.} 1-0

[Event "Julian Mazur Memorial"]
[Site "Wellington Chess Club"]
[Date "2019.08.15"]
[Round "3.14"]
[White "Van der Hoorn, Thomas"]
[Black "Laking, Robert"]
[Result "0-1"]
[WhiteElo "1807"]
[BlackElo "1968"]

1. e4 c5 2. Nf3 Nc6 3. d4 cxd4 4. Nxd4 Qc7 5. Nc3 e6 6. Bc4 a6 7. O-O Nf6 8.
Bg5 Nxd4 9. Qxd4 Bc5 10. Qd3 Ng4 11. g3 Ne5 12. Bf4 Nxd3 13. Bxc7 Nxb2 14. Bb3
b5 15. Rab1 Nc4 16. Bxc4 bxc4 17. Na4 Ba7 18. Nb6 Bxb6 19. Rxb6 d5 20. Rd1 O-O
21. exd5 exd5 22. Rxd5 Be6 23. Rd1 Rfc8 24. Bf4 Rc5 25. Rdb1 h5 26. Rb8+ Rxb8
27. Rxb8+ Kh7 28. Rb6 Ra5 29. Rc6 Rxa2 30. Rb6 a5 31. c3 Bd7 32. Rb1 a4 33. Kg2
Bc6+ 34. Kh3 Rxf2 35. Ra1 Bd7+ 36. g4 hxg4+ 37. Kg3 Rf3+ 38. Kg2 Rxf4 39. Rd1
Bc6+ 40. Kg3 Rf3+ 41. Kxg4 Rxc3 0-1

[Event "Julian Mazur Memorial"]
[Site "Wellington Chess Club"]
[Date "2019.08.15"]
[Round "3.15"]
[White "Aldridge, Alan"]
[Black "Stannard, Lars"]
[Result "1-0"]
[WhiteElo "1922"]
[BlackElo "1417"]

1. d4 d5 2. c4 Nf6 3. Nc3 e6 4. Bg5 Be7 5. e3 h6 6. Bh4 b6 7. Nf3 Bb7 8. Rc1
Nc6 9. Bd3 Nd7 10. Bg3 Nb4 11. Bb1 dxc4 12. Nb5 c6 13. Nc7+ Kf8 14. Nxa8 Qxa8
15. O-O b5 16. a3 Nd5 17. e4 N5b6 18. Ne5 Bf6 19. f4 Ke7 20. Ng4 Kd8 21. Nxf6
gxf6 22. f5 Ke7 23. fxe6 fxe6 24. Qg4 Qg8 25. Qf4 Qg5 26. Qd6+ Kf7 27. Rce1 Rg8
28. e5 f5 29. Bxf5 exf5 30. e6+ Kg7 31. exd7 Kh7 32. Re7+ Rg7 33. Rxg7+ Qxg7
34. d8=Q 1-0

[Event "Julian Mazur Memorial"]
[Site "Wellington Chess Club"]
[Date "2019.08.15"]
[Round "3.16"]
[White "Shepherd, Blake"]
[Black "Rossiter, Philip"]
[Result "0-1"]
[WhiteElo "1000"]
[BlackElo "1886"]

1. d4 Nf6 2. c4 e6 3. Nc3 Bb4 4. Bg5 h6 5. Bh4 g5 6. Bg3 Ne4 7. a3 Bxc3+ 8.
bxc3 d6 9. Qd3 Nxg3 10. Qxg3 Nc6 11. e4 Qf6 12. Nf3 Bd7 13. Bd3 O-O-O 14. O-O
Rdg8 15. Rac1 h5 16. d5 h4 17. Qh3 exd5 18. g4 hxg3 19. Qxg3 Rh3 20. Qg2 Rxf3
21. exd5 Bh3 0-1

[Event "Julian Mazur Memorial"]
[Site "Wellington Chess Club"]
[Date "2019.08.15"]
[Round "3.17"]
[White "Kibblewhite, Daniel"]
[Black "Nicholls, Alistair"]
[Result "0-1"]
[WhiteElo "1537"]
[BlackElo "1844"]

1. d4 Nf6 2. c4 e5 3. dxe5 Ng4 4. Nf3 Bc5 5. e3 Nc6 6. Qd5 Qe7 7. Nc3 Ngxe5 8.
Nxe5 Nxe5 9. Ne4 Bb4+ 10. Bd2 Bxd2+ 11. Nxd2 d6 12. Be2 c6 13. Qe4 f5 14. Qc2
O-O 15. O-O-O c5 16. h4 Bd7 17. Nf3 a6 18. Nxe5 dxe5 19. h5 h6 20. Rd2 Bc6 21.
Bf3 e4 22. Be2 Qe5 23. Qc3 Qxc3+ 24. bxc3 f4 25. exf4 Rxf4 26. Bd1 Raf8 27. Rf1
e3 0-1

[Event "Julian Mazur Memorial"]
[Site "Wellington Chess Club"]
[Date "2019.08.15"]
[Round "3.18"]
[White "Nijman, Brian"]
[Black "Hurndell, Robert"]
[Result "1-0"]
[WhiteElo "2212"]
[BlackElo "1545"]

1. d4 d5 2. Bg5 h6 3. Bh4 g5 4. Bg3 Nc6 5. c4 Nf6 6. Nc3 Bf5 7. e3 e6 8. Rc1
Bd6 9. Nf3 Bxg3 10. hxg3 Qd7 11. cxd5 Nxd5 12. Nxd5 exd5 13. Bb5 Ke7 14. Ne5
Qc8 15. Bxc6 bxc6 16. Qa4 Qb7 17. Rxc6 Rac8 18. Qa3+ Ke8 19. Rcxh6 1-0

[Event "Julian Mazur Memorial"]
[Site "Wellington Chess Club"]
[Date "2019.08.15"]
[Round "3.19"]
[White "Ashe, Michael"]
[Black "Wevers, Alexis"]
[Result "0-1"]
[WhiteElo "1662"]
[BlackElo "1798"]

1. d4 Nf6 2. c4 e5 3. dxe5 Ng4 4. Bf4 Nc6 5. Nf3 Bb4+ 6. Nbd2 Qe7 7. a3 Ncxe5
8. Nxe5 Nxe5 9. e3 Bxd2+ 10. Qxd2 d6 11. Be2 Bd7 12. O-O g5 13. Bg3 h5 14. b4
h4 15. Bxe5 Qxe5 16. Qd4 Qxd4 17. exd4 O-O-O 18. Rfe1 g4 19. f3 f5 20. fxg4
fxg4 21. d5 Rh5 22. Rad1 Re5 23. Bd3 Rde8 24. Rxe5 Rxe5 25. Kf2 Bf5 26. Bxf5+
Rxf5+ 27. Ke3 Kd7 28. Rd2 c6 29. Rd4 Re5+ 30. Re4 cxd5 31. Rxe5 dxe5 32. cxd5
Kd6 33. Ke4 b5 34. g3 hxg3 35. hxg3 a6 36. Kf5 Kxd5 37. Kxg4 e4 38. Kf4 Kd4 39.
g4 e3 40. Kf3 Kd3 41. g5 e2 0-1

[Event "Julian Mazur Memorial"]
[Site "Wellington Chess Club"]
[Date "2019.08.15"]
[Round "3.20"]
[White "Cooke, Xandi"]
[Black "Quayle, Jamie"]
[Result "0-1"]
[WhiteElo "1512"]
[BlackElo "1683"]

1. d4 d5 2. c4 e6 3. Nc3 Nf6 4. Nf3 c5 5. Bf4 Nc6 6. e3 a6 7. Bd3 dxc4 8. Bxc4
b5 9. Bd3 Bb7 10. b3 cxd4 11. exd4 Bb4 12. Rc1 Bxc3+ 13. Rxc3 Nd5 0-1

[Event "Julian Mazur Memorial"]
[Site "Wellington Chess Club"]
[Date "2019.08.15"]
[Round "3.21"]
[White "Rabina, Romeo"]
[Black "Stannard, Bobby"]
[Result "0-1"]
[WhiteElo "1647"]
[BlackElo "1485"]

1. e4 e6 2. d4 d5 3. exd5 exd5 4. Nf3 c5 5. Be2 Nf6 6. Bg5 Be7 7. O-O O-O 8.
Re1 Nc6 9. Nc3 Bf5 10. dxc5 Be6 11. Nd4 Bxc5 12. Nxe6 fxe6 13. h3 h6 14. Bh4
Qd6 15. Bg3 Qd7 16. Bb5 a6 17. Bd3 Qf7 18. Rf1 Nh5 19. Qg4 Nxg3 20. Qxg3 Rad8
21. Rad1 b5 22. a3 e5 23. Bg6 Qe6 24. Rd2 Ne7 25. Bh5 Rd6 26. Bg4 Qf6 27. Re2
e4 28. Nd1 Ng6 29. c3 Nf4 30. Ree1 h5 31. Be2 h4 32. Qg4 Nd3 33. Bxd3 exd3 34.
Qh5 Bb6 35. Re5 d4 36. Rfe1 dxc3 37. Re8 Rd8 38. Rxf8+ Rxf8 39. Qd5+ Qf7 40.
Qxf7+ Rxf7 41. Re8+ Kh7 42. Nxc3 Rxf2 43. Rb8 Rf6+ 0-1

[Event "Julian Mazur Memorial"]
[Site "Wellington Chess Club"]
[Date "2019.08.15"]
[Round "3.22"]
[White "Farrington, Lawrence"]
[Black "Dunlop, Rafe"]
[Result "1-0"]
[WhiteElo "1706"]
[BlackElo "1246"]

1. e4 e5 2. Nf3 Nc6 3. Nc3 Nf6 4. Bb5 d6 5. d4 a6 6. Bxc6+ bxc6 7. dxe5 dxe5 8.
Qxd8+ Kxd8 9. Nxe5 Be6 10. Nxc6+ Ke8 11. Nd4 Bg4 12. f3 Bh5 13. Nf5 Nd7 14. O-O
f6 15. Bf4 Rc8 16. Nd5 Bc5+ 17. Be3 Bxe3+ 18. Ndxe3 Rg8 19. Rfd1 Bg6 20. Nd4
Ne5 21. b3 Ke7 22. c4 Rgd8 23. Ndf5+ Kf8 24. Rxd8+ Rxd8 25. Kf1 Bxf5 26. Nxf5
Rd2 27. Ne3 Ke7 28. Nd5+ Kd6 29. Ne3 Kc5 30. a3 a5 31. Rd1 Rb2 32. b4+ axb4 33.
axb4+ Rxb4 34. Nd5 Rb7 35. Ne3 Nxc4 36. Nxc4 Kxc4 37. Rd7 Rb1+ 38. Kf2 c5 39.
Rxg7 Kd3 40. Rd7+ Kc3 41. Ke3 Kc2 42. Rd2+ Kc3 43. Rd6 Kc2 44. Rc6 Rb3+ 45. Kf4
Rb5 46. Rxf6 c4 47. Rc6 c3 48. e5 Kd2 49. e6 c2 50. e7 Rb8 51. Kf5 c1=Q 52.
Rxc1 Kxc1 53. Kf6 Kd2 54. Kf7 Ke3 55. e8=Q+ Rxe8 56. Kxe8 h5 57. h4 Kf4 58. Kf7
Kg3 59. Kg6 Kxh4 60. f4 Kg4 61. f5 Kg3 62. Kxh5 1-0

[Event "Julian Mazur Memorial"]
[Site "Wellington Chess Club"]
[Date "2019.08.15"]
[Round "3.23"]
[White "Mulheron, Oscar"]
[Black "Theodosiou, Andreas"]
[Result "0-1"]
[WhiteElo "1000"]
[BlackElo "1336"]

1. d4 e6 2. c3 Nf6 3. Qc2 d5 4. f3 c5 5. Be3 Nbd7 6. Nd2 b6 7. g3 Bb7 8. b4
cxb4 9. Qa4 bxc3 10. Nb1 Qc7 11. Bh3 Bc6 12. Qc2 Bd6 13. f4 O-O 14. Nf3 Ne4 15.
Nxc3 f5 16. O-O Ndf6 17. Bc1 Bb7 18. Bb2 Rac8 19. Rac1 Qf7 20. Nh4 Qh5 21. Qd3
Ng4 22. Qb5 Rc7 23. Nxe4 dxe4 24. Rxc7 Bxc7 25. Rc1 a6 26. Qb3 Qf7 27. d5 Bxd5
28. Qd1 Rd8 29. e3 Nxe3 30. Qe2 Nc4 31. Bd4 b5 32. g4 Bb7 33. gxf5 Rxd4 34.
fxe6 Qxf4 35. e7 Qxc1+ 36. Kg2 e3+ 37. Nf3 Nd6 38. Be6+ Kh8 39. a4 Rd2 40. Qxd2
Qxd2+ 41. Kg3 Ne8+ 42. Kg4 Qg2+ 43. Kh4 Bxf3 44. h3 g5# 0-1

[Event "Julian Mazur Memorial"]
[Site "Wellington Chess Club"]
[Date "2019.08.15"]
[Round "3.24"]
[White "Asher, Bruce"]
[Black "Osborne, Geoff"]
[Result "0-1"]
[WhiteElo "1178"]
[BlackElo "1287"]

1. e4 e5 2. Nf3 Nc6 3. Bc4 Nf6 4. Nc3 Bc5 5. h3 O-O 6. O-O a6 7. a3 d6 8. d3
Nd4 9. Bg5 c6 10. b4 Bb6 11. Ne2 Nxf3+ 12. gxf3 Bxh3 13. Re1 d5 14. Bb3 Qd6 15.
Kh2 Bd7 16. Rf1 Bd8 17. Rg1 Nh5 18. Bxd8 Raxd8 19. Ng3 Nf4 20. Nf5 Bxf5 21.
exf5 Qh6+ 0-1

[Event "Julian Mazur Memorial"]
[Site "Wellington Chess Club"]
[Date "2019.08.22"]
[Round "4.1"]
[White "Winter, Ryan"]
[Black "Dive, Russell"]
[Result "0-1"]
[WhiteElo "2087"]
[BlackElo "2410"]

1. e4 e5 2. Nf3 Nf6 3. Nxe5 d6 4. Nf3 Nxe4 5. Nc3 Nxc3 6. dxc3 Be7 7. Be3 O-O
8. Qd2 Nd7 9. O-O-O Nc5 10. Kb1 c6 11. c4 Ne4 12. Qc1 Qa5 13. Bd3 d5 14. Nd4
Bf6 15. Nb3 Qa4 16. cxd5 cxd5 17. f3 Nd6 18. Bg5 Bxg5 19. Qxg5 Be6 20. Rhe1 Qb4
21. c3 Qb6 22. Nd4 Rae8 23. Qh4 h6 24. Re2 Bf5 25. Rxe8 Bxd3+ 26. Rxd3 Rxe8 27.
Qf2 Nc4 28. b3 $4 Qg6 $1 29. Kc2 Re3 0-1

[Event "Julian Mazur Memorial"]
[Site "Wellington Chess Club"]
[Date "2019.08.22"]
[Round "4.2"]
[White "Sole, Michael"]
[Black "Ker, Anthony"]
[Result "1/2-1/2"]
[WhiteElo "2008"]
[BlackElo "2451"]

1. e4 c5 2. Nc3 g6 3. d4 cxd4 4. Qxd4 Nf6 5. Nf3 Nc6 6. Qa4 d6 7. e5 dxe5 8.
Nxe5 Bd7 9. Nxd7 Qxd7 10. Be3 Bg7 11. Rd1 Qc8 12. Be2 O-O 13. O-O Rd8 14. Rfe1
e6 15. Bf3 Rxd1 16. Rxd1 Ne5 17. Be2 a6 18. Qb3 b5 19. a4 bxa4 20. Qxa4 Ned7
21. Qa5 Bf8 22. Rd2 Bc5 23. Bxc5 Qxc5 24. Qxc5 Nxc5 25. Bf3 Rb8 26. b3 Kf8 27.
Kf1 Ke7 28. Ke2 g5 29. Ke3 a5 30. Rd4 Rc8 31. Rc4 Kd8 32. Na4 Nxa4 33. Rxc8+
Kxc8 34. bxa4 Kc7 35. Kd4 Nd7 36. c3 Kb6 37. g3 Nc5 38. Bd1 f6 39. Bc2 h6 40.
h4 Kc6 41. f4 Kd6 42. hxg5 fxg5 43. Bd1 gxf4 44. gxf4 h5 45. Bxh5 Nxa4 46. Bd1
Nb6 47. c4 Nd7 48. Bc2 Nc5 49. Kc3 Nd7 50. Kd4 Nc5 51. Kc3 Kc6 52. Kd4 a4 53.
Bxa4+ Nxa4 54. Ke5 Nc5 55. f5 exf5 1/2-1/2

[Event "Julian Mazur Memorial"]
[Site "Wellington Chess Club"]
[Date "2019.08.22"]
[Round "4.3"]
[White "Croad, Nicolas"]
[Black "Winfield, Alan"]
[Result "1-0"]
[WhiteElo "2442"]
[BlackElo "1906"]

1. d4 f5 2. Nf3 Nf6 3. c4 e6 4. Nc3 Bb4 5. Qb3 a5 6. Bg5 d6 7. a3 Bxc3+ 8. Qxc3
O-O 9. e3 b6 10. c5 Bb7 11. cxb6 cxb6 12. Bc4 Qe8 13. Qb3 Nd5 14. Bh4 Nd7 15.
Bb5 Rc8 16. Qa4 Rc7 17. O-O Qc8 18. Ng5 N7f6 19. Bg3 Rd8 20. Rfe1 h6 21. Nh3 g5
22. f3 g4 23. Nf2 gxf3 24. gxf3 Nh5 25. e4 fxe4 26. fxe4 Ndf4 27. Qb3 Kh7 28.
Qe3 Rg8 29. Rac1 e5 30. Rxc7+ Qxc7 31. dxe5 dxe5 32. Rc1 Qd6 33. Kf1 Rg7 34.
Rc3 Qg6 35. Be2 Nxg3+ 36. hxg3 Nxe2 37. Qxe2 Rf7 38. Kg2 h5 39. Rf3 Rxf3 40.
Qxf3 Kg7 41. Kh2 Ba6 42. Qc3 Qf6 43. Qc7+ Kg6 44. Kg2 h4 45. gxh4 Qxh4 46. Qxe5
Qg5+ 47. Qxg5+ Kxg5 48. Kg3 Bc4 49. Kf3 b5 50. Ke3 Kf6 51. Kd4 Ke6 52. Nd1 a4
53. Ne3 Bb3 54. Nd5 Bc4 55. Nc3 Bf1 56. Kc5 Bd3 57. Nxb5 Bxe4 58. Kb4 Kd7 59.
Kxa4 Kc6 60. Ka5 Bd3 61. a4 Kb7 62. Nd4 Ka7 63. Kb4 Kb7 64. Kc5 Kc7 65. b4 Kb7
66. b5 Bf1 67. a5 Bg2 68. Nf5 1-0

[Event "Julian Mazur Memorial"]
[Site "Wellington Chess Club"]
[Date "2019.08.22"]
[Round "4.5"]
[White "Pomeroy, Arthur"]
[Black "Brockway, Andrew"]
[Result "1/2-1/2"]
[WhiteElo "2074"]
[BlackElo "1836"]

1. e4 c5 2. Nf3 g6 3. c3 Bg7 4. d4 cxd4 5. cxd4 d5 6. e5 Bg4 7. Be2 Nc6 8. O-O
Bxf3 9. Bxf3 e6 10. Nc3 Qb6 11. Ne2 Nge7 12. Be3 Nf5 13. Qd2 O-O 14. g4 Nxe3
15. fxe3 Bh6 16. Kg2 Qd8 17. Rad1 Rc8 18. Kh1 Qe7 19. Nf4 Nb4 20. a3 Nc6 21.
Ng2 Bg5 22. Qf2 f5 23. exf6 Bxf6 24. Nf4 Bh4 1/2-1/2